ロード中...
نساء ٱويا (فنتازيا ليبية)
| フォーマット: | Printed Book |
|---|---|
| 言語: | English |
| 出版事項: |
كل شيء
2017
|
| LEADER | 00426nam a22001217a 4500 | ||
|---|---|---|---|
| 008 | 191205b ||||| |||| 00| 0 eng d | ||
| 999 | |c 346176 |d 346176 | ||
| 020 | |a 978965753149 | ||
| 082 | |a 813.3X | ||
| 245 | |a نساء ٱويا |b (فنتازيا ليبية) | ||
| 260 | |b كل شيء |c 2017 | ||
| 942 | |c BK | ||
| 952 | |0 0 |1 0 |2 ddc |4 0 |6 813_000000000000000_3X |7 0 |9 398532 |a ARA |b ARA |c ST1 |d 2019-12-05 |i 11322 |l 0 |o 813.3X |p ARA11322 |r 2019-12-05 |w 2019-12-05 |y BK | ||